Stalin in power : (Record no. 534)

000 -LEADER
fixed length control field 01496nam a22004217a 4500
001 - CONTROL NUMBER
control field 2929052
003 - CONTROL NUMBER IDENTIFIER
control field OSt
005 - DATE AND TIME OF LATEST TRANSACTION
control field 20210420073624.0
008 - FIXED-LENGTH DATA ELEMENTS--GENERAL INFORMATION
fixed length control field 891218s1990 nyua b 001 0beng
010 ## - LIBRARY OF CONGRESS CONTROL NUMBER
LC control number 89078047
020 ## - INTERNATIONAL STANDARD BOOK NUMBER
International Standard Book Number 039302881X
040 ## - CATALOGING SOURCE
Original cataloging agency eng
Transcribing agency DLC
Modifying agency eng
041 ## - LANGUAGE CODE
Language code of text/sound track or separate title eng
043 ## - GEOGRAPHIC AREA CODE
Geographic area code e-ur---
050 00 - LIBRARY OF CONGRESS CALL NUMBER
Classification number DK268.S8
Item number T86 1990
080 ## - UNIVERSAL DECIMAL CLASSIFICATION NUMBER
Universal Decimal Classification number 92
Item number T-90
082 00 - DEWEY DECIMAL CLASSIFICATION NUMBER
Classification number 947.084/2/092
Edition number 20
100 1# - MAIN ENTRY--PERSONAL NAME
Personal name Tucker, Robert C.
Fuller form of name (Robert Charles),
Dates associated with a name 1918-2010.
245 10 - TITLE STATEMENT
Title Stalin in power :
Remainder of title the revolution from above, 1928-1941 /
Statement of responsibility, etc. Robert C. Tucker.
250 ## - EDITION STATEMENT
Edition statement 1st edition
260 ## - PUBLICATION, DISTRIBUTION, ETC.
Place of publication, distribution, etc. New York :
Name of publisher, distributor, etc. Norton,
Date of publication, distribution, etc. c1990.
300 ## - PHYSICAL DESCRIPTION
Extent xix, 707 p. :
Other physical details ill. ;
Dimensions 25 cm.
365 ## - TRADE PRICE
Price amount 29.95 usd
504 ## - BIBLIOGRAPHY, ETC. NOTE
Bibliography, etc. note Includes bibliographical references (p. [671]-683) and index.
600 10 - SUBJECT ADDED ENTRY--PERSONAL NAME
Personal name Stalin, Joseph,
Dates associated with a name 1878-1953.
650 #0 - SUBJECT ADDED ENTRY--TOPICAL TERM
Topical term or geographic name entry element Heads of state
Geographic subdivision Soviet Union
Form subdivision Biography.
650 #0 - SUBJECT ADDED ENTRY--TOPICAL TERM
Topical term or geographic name entry element Biography
9 (RLIN) 237
650 #0 - SUBJECT ADDED ENTRY--TOPICAL TERM
Topical term or geographic name entry element History
9 (RLIN) 252
651 #0 - SUBJECT ADDED ENTRY--GEOGRAPHIC NAME
Geographic name Soviet Union
General subdivision Politics and government
Chronological subdivision 1917-1936.
651 #0 - SUBJECT ADDED ENTRY--GEOGRAPHIC NAME
Geographic name Soviet Union
General subdivision Politics and government
Chronological subdivision 1936-1953.
653 ## - INDEX TERM--UNCONTROLLED
Uncontrolled term ბიოგრაფია
653 ## - INDEX TERM--UNCONTROLLED
Uncontrolled term ისტორია
653 ## - INDEX TERM--UNCONTROLLED
Uncontrolled term საბჭოთა კავშირი
653 ## - INDEX TERM--UNCONTROLLED
Uncontrolled term სახელმწიფოს მმართველები
906 ## - LOCAL DATA ELEMENT F, LDF (RLIN)
a 7
b cbc
c orignew
d 1
e opcn
f 19
g y-gencatlg
942 ## - ADDED ENTRY ELEMENTS (KOHA)
Source of classification or shelving scheme
Koha item type Books
Edition 1
Holdings
Withdrawn status Lost status Source of classification or shelving scheme Damaged status Not for loan Permanent location Current location Date acquired Inventory number Total Checkouts Full call number Barcode Date last seen Price effective from Koha item type
          Ken Walker International University Ken Walker International University 12/02/2020 785   92 T-90 785 12/02/2020 12/02/2020 Books

Powered by Koha